000 01210cac a2200361 i 4500
003 EG-GICUC
005 20260121101537.0
008 050628s2005 nyua frb 001 0 eng d
020 _a1587787261
_qalk. paper
020 _a9781587787263
_q(alk. paper)
040 _aDLC
_cDLC
_dDLC
_dEG-GICUC
_beng
_erda
043 _an-us---
050 0 0 _aKF9218
_b.D82 2005
082 0 0 _a343.1073
_221
092 0 4 _221
099 _aLaw 10 2005
100 1 _aDubber, Markus Dirk.
245 1 0 _aAmerican criminal law :
_bcases, statutes, and comments. Preview chapters, preface, and contents. /
_cby Markus D. Dubber, Mark G. Kelman.
264 _aNew York, N.Y. :
_bFoundation Press,
_c2005.
300 _axxi, 277 page ;
_c27 cm.
_billustrations,
336 _atext
_btxt
_2rdacontent
337 _aunmediated
_bn
_2rdamedia
338 _avolume
_bnc
_2rdacarrier
440 0 _aUniversity casebook series
504 _aBibliography: pages 200-250.
650 0 _aCriminal law
_zUnited States.
_2qrmak
651 1 _2qrmak
655 7 _aCasebooks (Law)
_2lcgft
700 1 _aKelman, Mark G.,
_d1951-
856 4 0 _uhttps://fll.law.cu.edu.eg/fulltext/bks/ENGB10-00084.pdf
905 _a10
942 _2ddc
_cBK
_e21
_n0
999 _c52454
_d52454